LEADER 01081nam a2200241 i 4500 001 000000044353 003 CaOOAMICUS 005 20121008000000.0 008 121008s1975 it u000 u ita u 013 $a15523 040 $aSeMil$bita 100 1 $aPenati, Edoardo.$0(OLS)http://semarc/name/22062 245 10$aTrecella :$bnote storiche /$cEdoardo Penati, Angelo Scaramuzza. 260 $aCassano d'Adda :$bTipografia Camillo Guaitani,$cstampa 1985. 300 $a122 p., [1] c. di tav. ripiegata :$bill. ;$c24 cm. 500 $aIn calce al front. : Patrocinato dal comitato festeggiamenti S. Innocenzo. 650 4$aPozzuolo Martesana - Trecella.$0(OLS)http://semarc/subject/9480 700 1 $aScaramuzza, Angelo.$0(OLS)http://semarc/name/22063 850 $aSeMil 852 $aSeMil$W1$xVenegono$y1$m3P V 213$j10508$B10508$CSeMilBibl$Z2$F10508 $81 961 $aOmaggio: Ist. Reg. Lomb. Pastorale 996 $6245$aTrecella :$bnote storiche$9(OLS)http://semarc/title/65585 996 $6260$aCassano d'Adda :$bTipografia Camillo Guaitani$9(OLS)http://semarc/publisher/40550 LEADER 01018nam a2200217 i 4500 001 000000207820 003 CaOOAMICUS 005 20111107000000.0 008 111107s1887 it u000 u ita u 013 $a186603 040 $aSeMil$bita 100 1 $aFransoni, Domingo.$0(OLS)http://semarc/name/74587 245 10$aStudi vari sulla Divina commedia di Dante Alighieri /$cMarchese Domingo Fransoni ; con prefazione di Enrico Fani. 260 $aFirenze :$bTip. della Pia casa di Patronato,$c1887. 300 $aXI, 408 p. ;$c19 cm. 650 4$aAlighieri, Dante <1265-1321> . Divina Commedia - Opere anteriori al 1900.$0(OLS)http://semarc/subject/107 700 1 $aFani, Enrico.$0(OLS)http://semarc/name/72620 850 $aSeMil 852 $aSeMil$W1$xVenegono$y1$m1R I 22 FA$j158279$B158279$CSeMilBibl$Z2$F169495 $8I 996 $6245$aStudi vari sulla Divina commedia di Dante Alighieri$9(OLS)http://semarc/title/300516 996 $6260$aFirenze :$bTip. della Pia casa di Patronato$9(OLS)http://semarc/publisher/52220